[Event "FISCA Online op"]
[Site "Chess.com INT"]
[Date "2020.06.25"]
[Round "6"]
[White "Florea, Aurelian A"]
[Black "Burja Udrea, Razvan Andrei"]
[Result "0-1"]
[WhiteElo "1865"]
[BlackElo "1246"]
[PlyCount "82"]
[EventDate "2020.06.19"]
[EventType "swiss"]
[EventRounds "9"]
[EventCountry "ROU"]
[SourceTitle "CBM 197 Extra"]
[Source "ChessBase"]
[SourceDate "2020.09.30"]
[SourceVersion "1"]
[SourceVersionDate "2020.09.30"]
[SourceQuality "1"]

1. d4 d5 2. c4 e6 3. Nf3 Be7 4. e3 Nf6 5. Nc3 0-0 6. Bd3 Nbd7 7. 0-0 b6 8. cxd5 exd5 9. Bb5 Bb7 10. Bxd7 Qxd7 11. Ne5 Qd8 12. Qa4 Bd6 13. f4 Qe7 14. a3 c5 15. Re1 Qe8 16. Qxe8 Rfxe8 17. Bd2 Rac8 18. Rac1 Ne4 19. Nxe4 dxe4 20. Bc3 f6 21. Nc4 Bf8 22. Rcd1 cxd4 23. Rxd4 Red8 24. Nd2 Bc5 25. Rxd8+ Rxd8 26. Nc4 Ba6 27. Nd2 f5 28. b4 Be7 29. Bd4 Bf6 30. Nb3 Kf7 31. Rc1 Rc8 32. Rxc8 Bxc8 33. Kf2 Ke7 34. Ke2 Kd6 35. Bxf6 gxf6 36. Nd4 Kd5 37. Kd1 Kc4 38. Kc2 Bd7 39. g3 h6 40. h3 h5 41. Ne2 Ba4+ 0-1

[Event "FISCA Online op"]
[Site "Chess.com INT"]
[Date "2020.06.20"]
[Round "2"]
[White "Florea, Aurelian A"]
[Black "Avichal, Jadeja"]
[Result "0-1"]
[WhiteElo "1865"]
[BlackElo "1321"]
[PlyCount "42"]
[EventDate "2020.06.19"]
[EventType "swiss"]
[EventRounds "9"]
[EventCountry "ROU"]
[SourceTitle "CBM 197 Extra"]
[Source "ChessBase"]
[SourceDate "2020.09.30"]
[SourceVersion "1"]
[SourceVersionDate "2020.09.30"]
[SourceQuality "1"]

1. e4 c5 2. c3 d5 3. f3 dxe4 4. fxe4 e6 5. d4 Qh4+ 6. Ke2 Qxe4+ 7. Be3 b6 8. Nd2 Ba6+ 9. c4 Qg6 10. Qa4+ Kd8 11. Bf4 Qg4+ 12. Ke3 cxd4+ 13. Ke4 Nf6+ 14. Kxd4 Bc5+ 15. Kc3 Qxf4 16. Rd1 Ke7 17. Ne2 Qe3+ 18. Kc2 Rd8 19. g3 Bb7 20. Rg1 Ne4 21. Nxe4 Bxe4+ 0-1